00684nam a22001577a 4500003000800000005001700008008004100025040002100066082001600087110001900103245017900122260004000301300003300341504011300374650003900487BD-DhUL20180416102820.0180416s2006 nyu||||| |||| 00| 0 eng d aBD-DhULcBD-DhUL a330.95bUNC1 aUnited Nations10aCommittee on economic, social and cultural rights :breport on the thirty-fourth and thirty-fifth sessions (25 April-13 May 2005, 7-25 November 2005) /cUnited Nations. aNew York : bUnited Nations, c2006 avii, 171 p. :bill. ;c30 cm a"Economic and social council, official records, 2006, supplement no. 2". Includes bibliographical references 0aEconomic situations and conditions